Di sản thế giới = The World heritage

Uloženo v:
Podrobná bibliografie
Médium: Kniha
Jazyk:Undetermined
Vydáno: Công ty Công nghệ Tin học Nhà trường 2000
Témata:
Tagy: Přidat tag
Žádné tagy, Buďte první, kdo otaguje tento záznam!
Thư viện lưu trữ: Trung tâm Học liệu Trường Đại học Cần Thơ
LEADER 00493nam a2200169Ia 4500
001 CTU_137496
008 210402s9999 xx 000 0 und d
020 |c 100000 
082 |a 910.2 
082 |b D300 
245 0 |a Di sản thế giới = 
245 4 |b The World heritage 
260 |b Công ty Công nghệ Tin học Nhà trường 
260 |c 2000 
650 |a Architecture - Aesthetics 
904 |i Duy Bằng 
980 |a Trung tâm Học liệu Trường Đại học Cần Thơ